000 01165nam a2200325 i 4500
001 bg
100 1 _aPiekarska, Wiesława.
245 1 0 _aAnaliza numeryczna zjawisk termomechanicznych procesu spawania laserowego :
_bpole temperatury, przemiany fazowe i naprężenia /
_cWiesława Piekarska.
260 _aCzęstochowa :
_bWydawnictwo Politechniki Częstochowskiej,
_c2007.
300 _a157 s. :
_bil. (w tym kolor.) ;
_c24 cm.
490 1 _aMonografie / Politechnika Częstochowska,
_x0860-5017 ;
_vnr 135
504 _aBibliogr. s. 141-153.
546 _aStreszcz. ang., ros.
650 9 _aAnaliza numeryczna
_xstosowanie
_xfizyka
650 9 _aNaprężenia i odkształcenia
650 9 _aPrzemiany fazowe
650 9 _aSpawanie laserowe
_xfizyka
650 9 _aTermodynamika
830 0 _aMonografie - Politechnika Częstochowska
_vnr 135
015 _aPB 16125/2008
020 _a9788371933608
022 _a08605017
040 _cBPK
041 0 _apol
_beng
_brus
044 _aPOL
080 _a621.791/.795:621.375.826:539.3/.5:536.7:519.61/.64
920 _a978-83-7193-360-8
942 _cKS
008 080620s2007 pl a |000 0 pol
999 _c55536
_d55536
856 _uhttp://koha.tu.koszalin.pl/cgi-bin/koha/opac-detail.pl?biblionumber=55536
_yKatalog online BPK